000 03517nam0a2200457 4500
001 RU\NLR\BIBL_A\021973072
005 20231017113430.0
021 _aRU
_bКН-П-23-034043
_9КН-П-23-3374
029 1 0 _aRU
_b51685-2022
_cГОСТ Р
035 _a(NLR Aleph) 021973072
035 _a(RuMoRGB)011809037
090 _a12369480
_c12369480
100 _a20230703d2023 k y0rusy50 ca
101 0 _arus
102 _aRU
105 _aa l 000|y
181 1 _ai
_b e
182 1 _an
200 1 _aРельсы железнодорожные
_eобщие технические условия
_dRailway rails. General specifications
_zeng
_eГОСТ Р 51685-2022
_fразработан Уральским институтом металлов (АО "УИМ") и др.
203 _aТекст
_bвизуальный
_cнепосредственный
205 _aИзд. офиц.
210 _aМосква
_cРоссийский институт стандартизации
_d2023
215 _aV, 110 с.
_cил.
_d29
225 1 _aНациональный стандарт Российской Федерации
_fФедеральное агентство по техническому регулированию и метрологии
239 _aВвед. 01.08.2023
_aвзамен ГОСТ Р 51685-2013
330 _aНастоящий стандарт распространяется на железнодорожные рельсы, исполнения УХЛ 1 по ГОСТ 15150 (далее - рельсы), предназначенные для эксплуатации в конструкции железнодорожного пути с шириной колеи 1520 мм железнодорожного транспорта общего и необщего пользования, технологического железнодорожного транспорта организаций, в железнодорожном пути метрополитенов
432 0 _1001RU\NLR\BIBL_A\010527508
_12001#$aРельсы железнодорожные. общие технические условия
_910242124
_cМосква
_d2014
_eИзд. офиц.
_fРазработан Научно-исследовательский институт железнодорожного транспорта (ОАО "ВНИИЖТ") и др.
_lRailway rails. General specifications
_nСтандартинформ
_oобщие технические условия : ГОСТ Р 51685-2013
_pVI, 95 с.
_tРельсы железнодорожные
510 1 _aRailway rails. General specifications
_zeng
517 1 _aГОСТ Р 51685-2022
606 _aРельсы
_xСтандарты
_2RuMoRGB
606 1 _aРельсы
_jТехнические условия
_91046365
_3RU\NLR\AUTH\66403797
675 _a625.143(083.74)
_v4
686 _a39.211-045.01я8
_v2000
_2rubbks
686 1 _aО211-045.01я863
712 0 1 _4725
_aРоссийская Федерация
_bФедеральное агентство по техническому регулированию и метрологии
_9630205
_3RU\NLR\AUTH\8810064304
712 0 2 _4900
_a"Уральский институт металлов", государственный научный центр Российской Федерации
_cЕкатеринбург
_9615517
_3RU\NLR\AUTH\8810057291
942 _cBOOK
980 _aNB